Statistics for Geography by Letter - O

Click here to take the quiz!

General Stats

  • This quiz has been taken 54,049 times
  • The average score is 15 of 20

Answer Stats

Hint Answer % Correct
Oldest university in EnglandOxford
96%
Capital of NorwayOslo
96%
Capital of CanadaOttawa
94%
Yemen's neighborOman
93%
Turkish empire dissolved after WWIOttoman
88%
Famous Munich festivalOktoberfest
88%
U.S. state on the Pacific coastOregon
88%
City near Disney WorldOrlando
87%
Mountain home of the Greek godsOlympus
86%
Island of fertility in a desertOasis
85%
Most populous province in CanadaOntario
80%
Great ape of Borneo and SumatraOrangutan
79%
The remote regions of AustraliaOutback
76%
Japan's 2nd largest metro areaOsaka
67%
County just south of Los AngelesOrange
66%
Chicago's main airportO'Hare
65%
Honolulu's islandOahu
62%
Largest city in NebraskaOmaha
60%
Manchester United's stadiumOld Trafford
50%
3rd largest city in UkraineOdessa
40%

Score Distribution

Percentile by Number Answered

Percent of People with Each Score

Your Score History

You have not taken this quiz